Biological chemistry. (Record no. 21067)

MARC details
000 -LEADER
fixed length control field 00371nam a2200145Ia 4500
082 ## - DEWEY DECIMAL CLASSIFICATION NUMBER
Classification number 577.1
Item number MAH
100 ## - MAIN ENTRY--AUTHOR NAME
Personal name CORDES, Eugene H
245 #0 - TITLE STATEMENT
Title Biological chemistry.
260 ## - PUBLICATION, DISTRIBUTION, ETC. (IMPRINT)
Place of publication New York
Name of publisher Harper & Row
Year of publication 1966
650 ## - SUBJECT ADDED ENTRY--TOPICAL TERM
Topical Term Biological chemistry
650 ## - SUBJECT ADDED ENTRY--TOPICAL TERM
Topical Term Photosynthesis
700 ## - ADDED ENTRY--PERSONAL NAME
Personal name MAHLER, Henry R
942 ## - ADDED ENTRY ELEMENTS (KOHA)
Koha item type Books
Holdings
Withdrawn status Lost status Damaged status Not for loan Home library Current library Date acquired Full call number Accession Number Koha item type
        RRII Library RRII Library 16/12/2021 577.1 MAH 01789 Books